| 000 | 00918nam a22002897a 4500 | ||
|---|---|---|---|
| 003 | CHAP | ||
| 005 | 20220329135253.0 | ||
| 008 | 971013s1967 r 00010 d | ||
| 010 | _a33577 | ||
| 011 | _a34549 | ||
| 035 | _a38665 | ||
| 040 | _cCHAP | ||
| 082 |
_a633.18 _bM4 |
||
| 245 |
_aMechanisation and the worl's rice _b: proceedings of a conference.. |
||
| 260 |
_aOxford : _bMassey-Ferguson, _c1967 |
||
| 300 |
_a163 p. _b: ilus. ; gráfs |
||
| 590 |
_aBATCH-UPD _b10 _c20130110 _lUCH01 _h2004 |
||
| 590 |
_aBATCH-UPD _b10 _c20130410 _lUCH01 _h1324 |
||
| 590 |
_aBATCH-UPD _b10 _c20130914 _lUCH01 _h0408 |
||
| 590 |
_aCONVERSION _b10 _c20130109 _lUCH01 _h1319 |
||
| 650 | 1 | 4 |
_aArroz _xCongresos. _97581 |
| 650 | 1 | 4 |
_aArroz _xImplementos y maquinaria. _97620 |
| 650 | 1 | 4 |
_aMecanización agrícola. _973801 |
| 901 | _aBK | ||
| 942 | _cLIBRO | ||
| 949 |
_a633.18 M4 _bBC _cLIBRO _d33724000196598 _eLIBRO _h35018 _i38665 _mD _si |
||
| 999 |
_c33577 _d33577 |
||